| 000 | 02330nam a2200397 a 4500 | ||
|---|---|---|---|
| 005 | 19990702102512.6 | ||
| 008 | 990304s1998 ii b 001 0 eng | ||
| 010 | _aENG-101507 B-437553-557 | ||
| 020 |
_a9788171770047 _c750.00 |
||
| 035 | _aEN-85040 B-437553-557 | ||
| 037 | _bDBAD/PUB | ||
| 037 | _bAllied Pub/Ven | ||
| 040 |
_adpl _bEng |
||
| 082 | 0 | 0 | _a344.54012598 |
| 100 | 1 |
_aDe,Ranadhir Kumar _921112 |
|
| 245 | 1 | 0 | _aK.P. Chakravarti's domestic enquiry & punishment / |
| 246 | 1 | 8 | _aChakravarti's domestic enquiry & punishment |
| 246 | 3 | 0 | _aDomestic enquiry & punishment |
| 246 | 3 | 0 | _aDomestic enquiry and punishment |
| 250 |
_a4th ed _bby Ranadhir Kumar De |
||
| 260 |
_akolkata _bEastern Law House _c2010 |
||
| 270 |
_a54 Ganesh Chunder Avenue _bkolkata _e700013 |
||
| 300 |
_a84,671p. _c23cm (Hb) |
||
| 500 | _aIncludes index. | ||
| 650 | 0 |
_aLabor discipline _xLaw and legislation _zIndia. _921113 |
|
| 700 | 1 |
_aChakravarti, Kali Pada, _tDomestic enquiry and punishment. _921114 |
|
| 942 |
_2ddc _cEN _h344.54012598 _mDER |
||
| 999 |
_c47443 _d47443 |
||